| 000 | 00441nam a22001337a 4500 | ||
|---|---|---|---|
| 082 |
_a515.723 _bMIT _cL-38, P-35 |
||
| 100 |
_aMittal, P.K _939335 |
||
| 245 |
_aFourier series, transforms and their applications _c P.K, Mittal |
||
| 260 |
_aNew Delhi _bPublished by Ashok Gosain for Har- Anand publications _cC 1965. |
||
| 300 |
_a173 P. : _bill. ; _c20 cm |
||
| 526 |
_a0 _b0 _c0 _d515_723000000000000_MIT |
||
| 650 |
_aMCE _9379 |
||
| 942 |
_2ddc _cBK |
||
| 999 |
_c543838 _d543838 |
||